Score 0/20 Timer 02:00
1 Play Today
Statement Off By % Correct
The U.S. Declaration of Independence was signed in 1800.24
89.6%
Nazi Germany invaded Poland in 1929.10
89.5%
Japan attacked the U.S. at Pearl Harbor in 1945.4
82.3%
The Berlin Wall fell in 1991.2
81.7%
The 20th century began in 1900.1
78.3%
The first Star Wars movie was released in 1927.50
76.3%
The Beatles broke up in 1963.7
73%
The last episode of Seinfeld aired in 1989.9
69.6%
The Russian Revolution occurred in 1900.17
64.8%
The first Sporcle quiz was released in 2004.3
61.7%
Statement Off By % Correct
Archduke Franz Ferdinand was assassinated in 1919.5
55.4%
Abraham Lincoln was assassinated in 1809.56
48.6%
The Texas Rangers made their first World Series in 1995.15
47.2%
The Soviet Union dissolved in 2010.19
43.7%
India declared its independence from the U.K. in 1967.20
40.3%
The Michael Jackson album Thriller was released in 1970.12
33.9%
Gone With the Wind won Best Picture in 1925.14
32.5%
Barry Bonds broke the single season home run record in 2009.8
21.7%
The U.S. bought Louisiana from France in 1809.6
20.4%
The U.S. bought Alaska from Russia in 1856.11
12%

You're not logged in!

Compare scores with friends on all Sporcle quizzes.
OR
Log In

Sporcle TV

Today on Sporcle TV


Watch our educational content, quiz creation guides, and fun videos on Sporcle TV.

Show Comments

Extras

Top Quizzes Today


Score Distribution

Paid Content

Your Account Isn't Verified!

In order to create a playlist on Sporcle, you need to verify the email address you used during registration. Go to your Sporcle Settings to finish the process.

Report this User

Report this user for behavior that violates our Community Guidelines.

Details: